| 000 | 01553nam a22002657a 4500 | ||
|---|---|---|---|
| 005 | 20111130102054.0 | ||
| 010 | _aB-444770-774 | ||
| 020 |
_a9780198069423 _c350.00 |
||
| 035 | _aB-444770-774 | ||
| 037 | _bAllied Pub/Ven | ||
| 082 | _a080 | ||
| 245 |
_aNehru's India: _bselect speeches / _cedited with an introduction by Mushirul Hasan |
||
| 260 |
_aNew Delhi _bOxford University Press _c2011 |
||
| 270 |
_aYMCA Library Building, Jai Singh Road, _bNew Delhi _e110001 |
||
| 300 |
_avi, 278p. _c24cm(pbk) |
||
| 700 |
_aHasan, Mushirul _936287 |
||
| 942 |
_2ddc _cEN _mNEH _h080 |
||
| 999 |
_c58811 _d58811 |
||